Global aspects of homoclinic bifurcations of vector fields
Αποθηκεύτηκε σε:
| Κύριος συγγραφέας: | |
|---|---|
| Μορφή: | Βιβλίο |
| Γλώσσα: | English |
| Δημοσίευση: |
Providence, R.I. :
American Mathematical Society,
1996
|
| Σειρά: | Memoirs of the American Mathematical Society ;
; 578 |
| Θέματα: | |
| Ετικέτες: |
Προσθήκη ετικέτας
Δεν υπάρχουν, Καταχωρήστε ετικέτα πρώτοι!
|
MARC
| LEADER | 00000nam a2200000 i 4500 | ||
|---|---|---|---|
| 001 | 1/90637 | ||
| 008 | 990929s1996 eng d | ||
| 020 | |a 0-8218-0441-3 | ||
| 035 | |l 10053197 | ||
| 040 | |a GR-MY-UA |b gre |e aacr | ||
| 041 | 0 | |a eng | |
| 082 | 0 | |a 515.352 | |
| 100 | 1 | |a Homburg, Ale Jan |d 1966- | |
| 245 | 1 | 0 | |a Global aspects of homoclinic bifurcations of vector fields / |c Alle Jan Homburg |
| 260 | |a Providence, R.I. : |b American Mathematical Society, |c 1996 | ||
| 300 | |a viii, 128 p.; |b ill.; |c 26 cm. | ||
| 490 | 1 | |a Memoirs of the American Mathematical Society |v ; 578 | |
| 500 | |a "Volume 121, number 578 (second of 4 numbers)." | ||
| 500 | |a Includes bibliographical references | ||
| 650 | 0 | 0 | |a Bifurcation theory. |
| 650 | 0 | 0 | |a Vector fields. |
| 650 | 0 | 0 | |a Differentiable dynamical systems. |
| 830 | 0 | |a Memoirs of the American Mathematical Society ; |v ; 578 | |
| 852 | |a INST |b SAMOS |e 19990929 |h 515.352 HOM |p 005300012435 |q 005300012435 |t BK |y 0 | ||
| 901 | |a BIBL3-1999-3 | ||
| 909 | |a Σ |b 063350 | ||
| 922 | |a 3ΕΛΗ |b 199907 |c ΕΠΕΑΕΚ/ΜΑΘ |d ΠΑΠΑΣΩΤΗΡΙΟΥ | ||
| 970 | |a ΠΟΥΡΝΑΡΑΣ |b ΔΗΜΗΤΡΗΣ |z 1999/09/29 | ||